[Event "Championnat de France des Jeunes - Minim"]
[Site "LA ROCHE SUR YON"]
[Date "2008.04.22"]
[Round "4.2"]
[White "Soubirou, Oriane"]
[Black "Lefevre, Margaux"]
[Result "0-1"]
[WhiteElo "1820"]
[BlackElo "1968"]
[PlyCount "76"]

1. e4 c5 2. Nf3 Nc6 3. d4 cxd4 4. Nxd4 Nf6 5. Nc3 d6 6. Nde2 g6 7. g3 Bg7 8.
Bg2 O-O 9. O-O Bd7 10. Re1 Ng4 11. h3 Nge5 12. g4 Qb6 13. Nd5 Qd8 14. Rb1 Nc4
15. b3 Nb6 16. c4 Nxd5 17. exd5 Nb4 18. Qd2 Na6 19. Bb2 Bxb2 20. Rxb2 Qc7 21.
Nf4 Rae8 22. Qd1 e5 23. dxe6 fxe6 24. Ne2 b5 25. Rd2 bxc4 26. Rxd6 Nb8 27. bxc4
Qxc4 28. Nc1 Bc6 29. Bxc6 Nxc6 30. Qe2 Qc5 31. Rd3 Nd4 32. Qd1 Rf4 33. Rf1 Ref8
34. a3 Nf3+ 35. Kg2 Nh4+ 36. Kg3 Rxf2 37. Rg1 g5 38. Nb3 Qe5# 0-1

[Event "Championnat de France des Jeunes - Minim"]
[Site "LA ROCHE SUR YON"]
[Date "2008.04.22"]
[Round "4.3"]
[White "Jeannerot, Lea"]
[Black "Khan, Mai-Ly"]
[Result "1/2-1/2"]
[WhiteElo "1946"]
[BlackElo "1700"]
[PlyCount "107"]

1. e4 c5 2. Nc3 Nc6 3. g3 g6 4. Bg2 Bg7 5. d3 Nf6 6. f4 d6 7. Nf3 Bg4 8. h3
Bxf3 9. Bxf3 e6 10. O-O Nd4 11. Bg2 O-O 12. g4 Qd7 13. Be3 Ne8 14. Qd2 f5 15.
gxf5 exf5 16. Nd5 fxe4 17. dxe4 Nc7 18. Nxc7 Qxc7 19. c3 Nc6 20. Rad1 Rf6 21.
f5 gxf5 22. exf5 Raf8 23. Qd5+ Kh8 24. Bg5 R6f7 25. Qe6 Be5 26. Kh1 Nd8 27. Qh6
Nc6 28. Be4 Bf6 29. Rg1 Qe7 30. Bxf6+ Rxf6 31. Qh4 Ne5 32. Rdf1 Qf7 33. Qg5 d5
34. Bc2 Rg8 35. Qxg8+ Qxg8 36. Rxg8+ Kxg8 37. Rd1 Rd6 38. f6 Rxf6 39. Rxd5 Rf2
40. Be4 Nf3 41. Rd8+ Kf7 42. Bxf3 Rxf3 43. Rd7+ Kg6 44. Rxb7 Rxh3+ 45. Kg2 Rd3
46. Kf2 h5 47. Rxa7 Rd2+ 48. Kg3 Rxb2 49. Ra6+ Kg7 50. Ra5 c4 51. Rxh5 Rc2 52.
Rc5 Rxc3+ 53. Kf4 Ra3 54. Rxc4 1/2-1/2

[Event "Championnat de France des Jeunes - Minim"]
[Site "LA ROCHE SUR YON"]
[Date "2008.04.23"]
[Round "4.4"]
[White "Uhl, Sarah"]
[Black "Muller, Marion"]
[Result "0-1"]
[WhiteElo "1850"]
[BlackElo "1815"]
[PlyCount "94"]

1. e4 c6 2. Nc3 d5 3. Nf3 Bg4 4. h3 Bxf3 5. Qxf3 e6 6. d3 Nd7 7. Be2 g6 8. O-O
Bg7 9. Bf4 Ne7 10. Qg3 O-O 11. Bc7 Qc8 12. Bd6 Re8 13. Bf3 a6 14. Rab1 b5 15.
a3 Qb7 16. Ne2 f5 17. Bf4 Rac8 18. Bd2 Nf6 19. exd5 Nfxd5 20. Rfe1 e5 21. Qh2
Qc7 22. Nc3 Nxc3 23. Bxc3 Nd5 24. Bd2 Qd7 25. g3 c5 26. Qg2 Ne7 27. Red1 Nc6
28. Bc3 Kh8 29. g4 Nd4 30. Bxd4 cxd4 31. Rbc1 Rc7 32. Bd5 Qe7 33. g5 e4 34.
dxe4 fxe4 35. Re1 e3 36. fxe3 dxe3 37. c3 Qc5 38. Kh1 Re5 39. Rcd1 Rd7 40. Ba2
Rxd1 41. Rxd1 e2 42. Re1 Qe3 43. Qa8+ Re8 44. Qg2 Bf8 45. Qg4 Bd6 46. Qd4+ Qxd4
47. cxd4 Bg3 0-1

[Event "Championnat de France des Jeunes - Minim"]
[Site "LA ROCHE SUR YON"]
[Date "2008.04.23"]
[Round "4.5"]
[White "Lemaitre, Delphine"]
[Black "Josse, Mathilde"]
[Result "1/2-1/2"]
[WhiteElo "1724"]
[BlackElo "1726"]
[PlyCount "103"]

1. e4 e5 2. Nf3 Nc6 3. Bb5 a6 4. Ba4 Nf6 5. d3 b5 6. Bb3 Be7 7. O-O O-O 8. c3
d5 9. exd5 Nxd5 10. Re1 Bf6 11. Be3 Bg4 12. Qe2 Re8 13. Nbd2 Bxf3 14. Qxf3 Nxe3
15. Rxe3 Ne7 16. Rae1 Qd7 17. Ne4 Qf5 18. Qxf5 Nxf5 19. Nxf6+ gxf6 20. Rf3 Nd6
21. Rxf6 Kg7 22. Rf3 Re7 23. Bd5 Rd8 24. Bc6 f6 25. Rfe3 Kf8 26. f3 Nf5 27.
R3e2 h6 28. g4 Nh4 29. Be4 Rg7 30. Kf2 Ng6 31. Bxg6 Rxg6 32. Rd2 Kf7 33. d4
exd4 34. Rxd4 Rxd4 35. cxd4 Rg8 36. Kg3 Rd8 37. Rd1 Rd5 38. Kf4 Ke6 39. h4 c5
40. Re1+ Kf7 41. dxc5 Rxc5 42. Re2 a5 43. Ke4 Re5+ 44. Kd3 Rc5 45. Kd4 Rc1 46.
Rf2 Ke6 47. Re2+ Kd7 48. Ke4 Ke6 49. Kf4+ Kf7 50. g5 hxg5+ 51. hxg5 Rc4+ 52.
Ke3 1/2-1/2

[Event "Championnat de France des Jeunes - Benjamins"]
[Site "LA ROCHE SUR YON"]
[Date ""]
[Round "4.1"]
[White "Ane, Cedric"]
[Black "Lagarde, Maxime"]
[Result "1/2-1/2"]
[WhiteElo "2020"]
[BlackElo "2308"]
[Annotator ""]

1. e4 c5 2. Nf3 d6 3. Bb5+ Bd7 4. Bxd7+ Qxd7 5. O-O Nf6 6. Re1 Nc6 7.
c3 e6 8. d4 cxd4 9. cxd4 d5 10. e5 Ne4 11. Nbd2 Nxd2 12. Bxd2 Be7 13.
Rc1 O-O 14. Rc3 Rac8 15. a3 Nb8 16. Rd3 Qc6 17. Rc3 Qd7 18. Rd3 Qc6
19. Rc3 Qa6 20. Rb3 Rc4 21. Be3 Rfc8 22. Ng5 Nd7 23. Qh5 Bxg5 24. Bxg5
Nf8 25. Rf3 Ng6 26. Rh3 h6 27. Bxh6 gxh6 28. Qxh6 Qa5 29. Rf1 Qc7 30.
Qh7+ Kf8 31. Rf3 Ke8 32. Qg8+ Nf8 33. h4 Rxd4 34. h5 Rh4 35. g4 Qe7
36. Rf4 Kd7 37. Qg7 Rc4 38. Rxc4 dxc4 39. f3 Kc6 40. Kg2 Nd7 41. Kg3
b5 42. Rd1 a5 43. h6 Rxh6 44. Qxh6 Nxe5 45. Qf4 Qc5 46. Qe4+ Kc7 47.
Qa8 Nd3 48. Qxa5+ Kb7 49. Qd2 f5 50. f4 fxg4 51. Qg2+ Kc7 52. Qe4 Qf5
53. Qxf5 exf5 54. b3 Kc6 55. a4 bxa4 56. bxc4 Nc5 57. Ra1 1/2-1/2

[Event "Championnat de France des Jeunes - Benja"]
[Site "LA ROCHE SUR YON"]
[Date "2008.04.22"]
[Round "4.2"]
[White "Moussard, Jules"]
[Black "Loiseau, Quentin"]
[Result "1-0"]
[WhiteElo "2283"]
[BlackElo "2012"]
[PlyCount "121"]

1. e4 c5 2. Nf3 Nc6 3. d4 cxd4 4. Nxd4 Nf6 5. Nc3 e5 6. Ndb5 d6 7. Bg5 a6 8.
Na3 b5 9. Nd5 Be7 10. Bxf6 Bxf6 11. c3 Bb7 12. Bd3 Nb8 13. O-O Nd7 14. c4 Bxd5
15. cxd5 O-O 16. Nc2 Qb6 17. Qe2 Nc5 18. Nb4 Bg5 19. g3 g6 20. h4 Bh6 21. Nc6
b4 22. Kg2 Rae8 23. h5 Kg7 24. Bc2 f5 25. hxg6 f4 26. Qg4 hxg6 27. Rh1 fxg3 28.
Qxg3 Bf4 29. Qg4 a5 30. Rh3 Bh6 31. Qh4 Rh8 32. Rah1 Ref8 33. Qg3 Rf7 34. Kg1
Qb5 35. Ne7 Rxe7 36. Rxh6 Rxh6 37. Rxh6 Kxh6 38. Qh4+ Kg7 39. Qxe7+ Kh8 40.
Qf6+ Kh7 41. Qxd6 Nd7 42. Kg2 Kh6 43. Bd1 Qd3 44. Bf3 Qb5 45. Bg4 Nc5 46. Qxe5
Qc4 47. Bf3 Nd3 48. Qh8+ Kg5 49. Qd8+ Kh6 50. Qh4+ Kg7 51. Qe7+ Kh6 52. d6 Ne1+
53. Kg3 Qd3 54. Qf8+ Kh7 55. Qf7+ Kh6 56. e5 Qf1 57. Qf4+ Kg7 58. Qf6+ Kh6 59.
Qh8+ Kg5 60. Qh4+ Kf5 61. Qf6# 1-0

[Event "Championnat de France des Jeunes - Benja"]
[Site "LA ROCHE SUR YON"]
[Date "2008.04.22"]
[Round "4.3"]
[White "Godart, Francois"]
[Black "Sochacki, Christophe"]
[Result "0-1"]
[WhiteElo "2002"]
[BlackElo "2185"]
[PlyCount "73"]

1. d4 Nf6 2. Nf3 c5 3. c4 cxd4 4. Nxd4 e6 5. Nc3 a6 6. e4 Bb4 7. Bd3 d6 8. O-O
Nbd7 9. Nb3 O-O 10. a3 Bxc3 11. bxc3 Qc7 12. Qe2 b6 13. Bg5 Bb7 14. f4 h6 15.
Bh4 Rac8 16. Rae1 Nh7 17. e5 Rfe8 18. Bg3 Nhf8 19. Qg4 f5 20. exf6 Nxf6 21. Qh3
d5 22. cxd5 Qxc3 23. Re3 Kh8 24. Bh4 Nxd5 25. Rg3 Qxb3 26. Bxa6 Qxg3 27. Bxg3
Bxa6 28. Re1 Bd3 29. Bf2 Bf5 30. Qb3 Nxf4 31. Qxb6 Rc2 32. Qe3 N8g6 33. Kh1 Rd8
34. g3 Nh3 35. Bg1 Rd3 36. Qb6 Bg4 37. Qb8+ 0-1

[Event "Championnat de France des Jeunes - Benja"]
[Site "LA ROCHE SUR YON"]
[Date "2008.04.22"]
[Round "4.5"]
[White "Ider, Borya"]
[Black "Roques, Olivier"]
[Result "1-0"]
[WhiteElo "2074"]
[BlackElo "1620"]
[PlyCount "89"]

1. d4 f5 2. g3 Nf6 3. Bg2 e6 4. Nh3 d5 5. O-O Bd6 6. Bf4 O-O 7. c4 c6 8. Nd2
Ne4 9. Nf3 h6 10. Bxd6 Nxd6 11. cxd5 exd5 12. Nf4 Qf6 13. Ne5 Nd7 14. Nfg6 Re8
15. e3 Nf7 16. Nxd7 Bxd7 17. Nf4 Nd6 18. Nd3 Ne4 19. Ne5 Be6 20. f3 Nd6 21. Qc2
Nf7 22. Nd3 g5 23. Rae1 Rac8 24. Qc3 Qh8 25. b3 g4 26. Nf4 Qg7 27. Nh5 Qg6 28.
fxg4 fxg4 29. Nf6+ Kh8 30. Nxe8 Rxe8 31. e4 Ng5 32. exd5 cxd5 33. Qc5 Qg7 34.
Bxd5 Rc8 35. Qxc8+ Bxc8 36. Re8+ Kh7 37. Rf7 Qxf7 38. Bxf7 Bd7 39. Re7 Nf3+ 40.
Kf2 Bc6 41. Bd5+ Kg6 42. Bxf3 Bxf3 43. Ke3 Kf6 44. Re5 a6 45. Kf4 1-0

[Event "Championnat de France des Jeunes - Benjamines"]
[Site "LA ROCHE SUR YON"]
[Date ""]
[Round "4.1"]
[White "Aflalo, Sophie"]
[Black "Haussernot, Cecile"]
[Result "0-1"]
[WhiteElo "1959"]
[BlackElo "1864"]
[Annotator ""]

1. e4 c5 2. Nf3 d6 3. d4 cxd4 4. Nxd4 Nf6 5. Nc3 a6 6. f3 e5 7. Nb3
Be7 8. Be3 O-O 9. Qd2 Be6 10. O-O-O Nbd7 11. g4 b5 12. h4 Qc7 13. Bh3
Rfc8 14. g5 Nh5 15. Bg4 b4 16. Nd5 Bxd5 17. exd5 g6 18. Bxd7 Qxd7 19.
Qxb4 Ng3 20. Rh2 Nf5 21. Rd3 a5 22. Nxa5 Rcb8 23. Qc3 Bf8 24. Nc6 Rb7
25. Qc4 Bg7 26. Rb3 Rxa2 27. Rxb7 Ra1+ 28. Kd2 Qxb7 29. Qb4 Qa6 30. c4
Qa2 31. Re2 Qb1 32. Qb8+ Bf8 33. Kc3 Nxe3 34. Rxe3 Qc1+ 35. Kd3 Qd1+
36. Ke4 Qc2+ 37. Rd3 Qd2 38. Re3 Rc1 39. Rc3 Qxb2 40. Rb3 Qa2 41. Rb4
0-1

[Event "Championnat de France des Jeunes - Benja"]
[Site "LA ROCHE SUR YON"]
[Date "2008.04.22"]
[Round "4.2"]
[White "Eid, Maha"]
[Black "Guo, Charlotte"]
[Result "1-0"]
[WhiteElo "1942"]
[BlackElo "1700"]
[PlyCount "65"]

1. d4 d5 2. c4 c6 3. Nc3 dxc4 4. a4 e5 5. e3 Be6 6. Nf3 exd4 7. exd4 Na6 8. Ne5
Nb4 9. Be3 Nf6 10. Bxc4 Bxc4 11. Nxc4 Bd6 12. O-O O-O 13. Qf3 Qc7 14. h3 Rfe8
15. Rac1 Rad8 16. Rfd1 Nbd5 17. Bg5 Be7 18. Ne5 a6 19. Nxd5 Nxd5 20. Qxf7+ Kh8
21. Qh5 Bxg5 22. Qxg5 Qe7 23. Qh5 Kg8 24. Qg4 Nf6 25. Qg3 Nh5 26. Qb3+ Kf8 27.
Rc3 Nf6 28. Rf3 Rd5 29. Re3 Qd8 30. Rde1 Qc7 31. Qb4+ Kg8 32. Ng6 Qd8 33. Rxe8+
1-0

[Event "Championnat de France des Jeunes - Benja"]
[Site "LA ROCHE SUR YON"]
[Date "2008.04.22"]
[Round "4.3"]
[White "Neuhauser, Salome"]
[Black "Seelen, Amandine"]
[Result "1/2-1/2"]
[WhiteElo "1945"]
[BlackElo "1500"]
[PlyCount "109"]

1. e4 e6 2. d3 d5 3. Nd2 Nf6 4. Ngf3 c5 5. g3 Nc6 6. Bg2 Be7 7. O-O O-O 8. Re1
b5 9. Qe2 Bb7 10. h4 Re8 11. Nf1 Bf8 12. N1h2 Ne7 13. Ng5 h6 14. e5 Nd7 15.
Ngf3 Qc7 16. Bf4 Ng6 17. Bd2 Rac8 18. h5 Ne7 19. d4 Nf5 20. c3 cxd4 21. Nxd4
Nxd4 22. cxd4 Qb6 23. Be3 a5 24. g4 Ba6 25. Bf1 Rc6 26. Rec1 Rec8 27. Nf3 f6
28. a4 Rxc1 29. Rxc1 Rc4 30. b3 Rb4 31. Rb1 bxa4 32. Qxa6 Qxa6 33. Bxa6 axb3
34. Bd2 Rb6 35. Bc8 a4 36. Bc1 Nb8 37. Ra1 a3 38. Bxa3 Bxa3 39. Rxa3 b2 40.
Bxe6+ Rxe6 41. Rb3 Nc6 42. Rxb2 fxe5 43. dxe5 Nxe5 44. Nxe5 Rxe5 45. Rb8+ Kf7
46. Rb7+ Kf6 47. Rb6+ Re6 48. Rxe6+ Kxe6 49. f4 d4 50. Kf2 Kd5 51. Kf3 Kc4 52.
Ke2 d3+ 53. Kd2 Kd4 54. g5 Ke4 55. gxh6 1/2-1/2

[Event "Championnat de France des Jeunes - Benja"]
[Site "LA ROCHE SUR YON"]
[Date "2008.??.??"]
[Round "4.4"]
[White "Lenoel, Marine"]
[Black "Monpeurt, Cyrielle"]
[Result "0-1"]
[WhiteElo "1641"]
[BlackElo "1734"]
[PlyCount "120"]

1. e4 e5 2. Nf3 Nc6 3. Bc4 Bc5 4. Nc3 Nf6 5. d3 d6 6. Bg5 h6 7. Bh4 Bg4 8. h3
Bxf3 9. Qxf3 Nd4 10. Qd1 c6 11. Bb3 O-O 12. O-O Re8 13. Re1 Rc8 14. Ne2 Nxb3
15. axb3 d5 16. exd5 cxd5 17. Nc3 Rc6 18. Qf3 a6 19. Re2 Rd6 20. Bxf6 Qxf6 21.
Qxf6 gxf6 22. Rd1 Bd4 23. Nb1 Rde6 24. c3 Ba7 25. b4 b5 26. Nd2 Kg7 27. Nf3 Kg6
28. Nh4+ Kg5 29. Nf3+ Kg6 30. g4 h5 31. Kg2 hxg4 32. hxg4 Bb8 33. Nh4+ Kg5 34.
Nf5 Rd8 35. f3 Rh8 36. Ree1 e4 37. Rh1 Rxh1 38. Rxh1 exd3 39. Rd1 Re2+ 40. Kf1
Rxb2 41. Rxd3 Kf4 42. Rxd5 Kxf3 43. Nd4+ Kxg4 44. Rd7 Be5 45. Rxf7 Bxd4 46.
cxd4 Kf5 47. Ra7 Rxb4 48. Rxa6 Rxd4 49. Rb6 b4 50. Ke2 Ke5 51. Ke3 Rh4 52. Rb5+
Ke6 53. Rb6+ Kf5 54. Rb5+ Kg6 55. Kf3 f5 56. Kg3 Rc4 57. Rb6+ Kg5 58. Rb8 Rc3+
59. Kf2 b3 60. Rg8+ Kf4 0-1

[Event "Championnat de France des Jeunes - Benja"]
[Site "LA ROCHE SUR YON"]
[Date "2008.04.22"]
[Round "4.5"]
[White "Le Marec, Laura"]
[Black "Ranc, Candice"]
[Result "1/2-1/2"]
[WhiteElo "1520"]
[BlackElo "1490"]
[PlyCount "96"]

1. Nf3 d5 2. d4 c5 3. c3 e6 4. Bf4 Nc6 5. e3 Nf6 6. Nbd2 Be7 7. Ne5 O-O 8. Bd3
Nxe5 9. Bxe5 Nd7 10. Qh5 g6 11. Qh3 Nxe5 12. dxe5 f6 13. Nf3 fxe5 14. Nxe5 Kg7
15. Ng4 Bf6 16. Qh6+ Kg8 17. h4 Bg7 18. Qg5 Qxg5 19. hxg5 e5 20. Nh6+ Bxh6 21.
Rxh6 Bf5 22. Be2 a6 23. g4 Be6 24. Rc1 b5 25. b3 c4 26. bxc4 dxc4 27. Rh3 Rfd8
28. f4 exf4 29. exf4 Kg7 30. Re3 Re8 31. Kf2 Rad8 32. Rd1 Rxd1 33. Bxd1 h6 34.
gxh6+ Kxh6 35. Bf3 Bd7 36. Rxe8 Bxe8 37. Ke3 Kg7 38. Kd4 g5 39. fxg5 Kg6 40.
Kc5 Kxg5 41. Bb7 a5 42. Ba6 b4 43. cxb4 c3 44. Bd3 Bg6 45. Kc4 axb4 46. Bxg6
Kxg6 47. Kb3 Kg5 48. a4 bxa3 1/2-1/2

[Event "Championnat de France des Jeunes - Pupilles"]
[Site "LA ROCHE SUR YON"]
[Date ""]
[Round "4.1"]
[White "Balagny-Carbuccia, Nicolas"]
[Black "Giroyan, Gary"]
[Result "0-1"]
[WhiteElo "1810"]
[BlackElo "2047"]
[Annotator ""]

1. e4 c5 2. c4 d6 3. Nc3 Nc6 4. g3 g6 5. Bg2 Bg7 6. Nge2 Nf6 7. d3 O-O
8. O-O a6 9. Rb1 Rb8 10. a3 a5 11. f4 Ne8 12. f5 Nc7 13. fxg6 hxg6 14.
Qb3 Bd7 15. Qb6 Ne6 16. Nd5 Ned4 17. Nec3 Bg4 18. Qxd8 Rfxd8 19. Rf2
Re8 20. h3 Bd7 21. Be3 Be5 22. Bf4 Kg7 23. Rbf1 f6 24. Kh2 Kf7 25. Nb6
Be6 26. Nbd5 Rh8 27. Nb5 Rh7 28. Nxd4 Bxd4 29. Re2 Bxh3 30. Bxh3 Rbh8
31. Kg2 Rxh3 32. Nc3 g5 33. Bc1 Rh2+ 34. Kf3 Ne5# 0-1

[Event "Championnat de France des Jeunes - Pupil"]
[Site "LA ROCHE SUR YON"]
[Date "2008.04.22"]
[Round "4.2"]
[White "Lamard, Guillaume"]
[Black "Kambrath, Yannick"]
[Result "1-0"]
[WhiteElo "2024"]
[BlackElo "1670"]
[PlyCount "117"]

1. d4 Nf6 2. c4 e6 3. g3 Bb4+ 4. Bd2 Be7 5. Bg2 d5 6. Nf3 O-O 7. O-O c6 8. Qc2
Nbd7 9. Rd1 Ne4 10. Bf4 a5 11. Nfd2 f5 12. Nxe4 fxe4 13. Nc3 Nf6 14. Rd2 Bd7
15. c5 b5 16. cxb6 Qxb6 17. Na4 Qa7 18. Rc1 Rfe8 19. Nc5 Rec8 20. f3 Bxc5 21.
Qxc5 Qxc5 22. Rxc5 exf3 23. exf3 Kf7 24. a4 Ra7 25. Rdc2 Ng8 26. Kf2 Ne7 27. g4
h6 28. Bf1 Rca8 29. Ke3 Rb7 30. R5c3 Rb4 31. b3 g5 32. Bd6 Rb7 33. Ra2 Nc8 34.
Bg3 Rb4 35. Ra3 Ne7 36. f4 Ng6 37. fxg5 hxg5 38. Bd6 Rb7 39. Rc1 Ne7 40. h3 Nc8
41. Bc5 Rab8 42. Rc3 Ra8 43. Kf3 Ne7 44. Rc1 Ng6 45. Bd6 Ne7 46. Rb1 Nc8 47.
Bc5 Ne7 48. Kg3 Be8 49. Bd3 Kg7 50. Bd6 Ng6 51. Raa1 Rd8 52. Bc5 Rdb8 53. b4
axb4 54. a5 b3 55. a6 b2 56. Ra3 Rd7 57. a7 Ra8 58. Bxg6 Bxg6 59. Rxb2 1-0

[Event "Championnat de France des Jeunes - Pupil"]
[Site "LA ROCHE SUR YON"]
[Date "2008.04.22"]
[Round "4.3"]
[White "Viennot, Dylan"]
[Black "Purenne, Benoit"]
[Result "0-1"]
[WhiteElo "1774"]
[BlackElo "1877"]
[PlyCount "46"]

1. e4 c5 2. Nf3 e6 3. Nc3 a6 4. g3 b5 5. Bg2 Bb7 6. d3 d6 7. O-O Nc6 8. Ne2 Qc7
9. c3 Nf6 10. Ne1 g6 11. f4 Bg7 12. h3 O-O 13. g4 Rad8 14. f5 exf5 15. gxf5 Ne8
16. fxg6 hxg6 17. Bf4 c4 18. Ng3 cxd3 19. Nxd3 Qb6+ 20. Nf2 d5 21. e5 Nc7 22.
Qe2 Rfe8 23. Kh1 Ne6 {suite illisible} 0-1

[Event "Championnat de France des Jeunes - Pupil"]
[Site "LA ROCHE SUR YON"]
[Date "2008.04.22"]
[Round "4.4"]
[White "Bellahcene, Rayane"]
[Black "Gelas, Christophe"]
[Result "0-1"]
[WhiteElo "1660"]
[BlackElo "1813"]
[PlyCount "122"]

1. c4 c5 2. Nc3 Nc6 3. g3 g6 4. Bg2 Bg7 5. Nf3 e6 6. e3 Nge7 7. O-O O-O 8. d4
cxd4 9. exd4 d5 10. cxd5 Nxd5 11. Nxd5 exd5 12. Qb3 Be6 13. Be3 Qd7 14. Rfd1
Na5 15. Qc3 Nc4 16. b3 Nxe3 17. Qxe3 Rfe8 18. Qf4 Bg4 19. Re1 Rac8 20. Ne5 Bxe5
21. Rxe5 Rxe5 22. Qxe5 Be6 23. Qg5 Qc6 24. Qe7 Rc7 25. Qd8+ Kg7 26. h4 Qb6 27.
Kh2 Rc2 28. Qxb6 axb6 29. Kg1 Rd2 30. Rc1 Rxa2 31. Rd1 Rc2 32. Rd3 b5 33. Kf1
b4 34. Ke1 Kf6 35. Rf3+ Ke7 36. Kd1 Ra2 37. Re3 Kd6 38. Re2 Ra1+ 39. Kd2 Rb1
40. Re3 f6 41. Bf3 Rb2+ 42. Ke1 Bd7 43. Be2 b5 44. g4 Rb1+ 45. Kd2 Rg1 46. Rg3
Rh1 47. h5 g5 48. Bd1 h6 49. Ke2 f5 50. Rf3 f4 51. Rd3 Bxg4+ 52. f3 Bxh5 53.
Kf2 Bg6 54. Rd2 Rh2+ 55. Ke1 Rxd2 56. Kxd2 h5 57. Ke2 g4 58. fxg4 hxg4 59. Kf2
Bh5 60. Kg2 Ke6 61. Kf2 g3+ 0-1

[Event "Championnat de France des Jeunes - Pupillettes"]
[Site "LA ROCHE SUR YON"]
[Date ""]
[Round "4.1"]
[White "Kambrath, Linda"]
[Black "Rigolot, Lucie"]
[Result "0-1"]
[WhiteElo "1570"]
[BlackElo "1723"]
[Annotator ""]

1. e4 c5 2. Nf3 e6 3. c4 d6 4. Nc3 Nf6 5. d3 Nc6 6. Be3 Be7 7. Be2 O-O
8. O-O Ng4 9. h3 Nge5 10. Nh2 Nd4 11. f4 Nec6 12. Nf3 a6 13. Qd2 Bf6
14. Bd1 g6 15. Ba4 Bg7 16. Bxc6 bxc6 17. Bxd4 cxd4 18. Ne2 e5 19. Rac1
f6 20. c5 d5 21. b4 dxe4 22. dxe4 Qe7 23. Ne1 Rd8 24. Nd3 Qa7 25. fxe5
fxe5 26. Qg5 Qc7 27. Rf3 Be6 28. a3 Rf8 29. Rxf8+ Rxf8 30. Ng3 Bf6 31.
Qd2 Qe7 32. Rf1 Re8 33. Qf2 Bg5 34. Kh2 Bc4 35. Qc2 Qe6 36. Rf3 Rf8
37. Rxf8+ Kxf8 38. Nb2 Bb3 39. Qd3 Bc1 40. Qf1+ Bf4 41. Qxa6 Bc2 42.
Qe2 Qb3 43. Qg4 Qxb2 44. Qc8+ Kg7 45. Qd7+ Kh6 46. Qe8 Bxg3+ 47. Kxg3
Bxe4 48. Qf8+ Kh5 49. Qf2 Qxa3+ 50. Kh2 Bf5 51. g4+ Bxg4 52. hxg4+ Kg5
53. Qd2+ Kf6 54. g5+ Ke7 55. Kg2 Qb3 56. Kf2 Ke6 57. Ke2 Kd5 58. Kf2
e4 59. Qf4 Qf3+ 60. Qxf3 exf3 61. Kxf3 Kc4 62. Ke2 Kxb4 63. Kd3 Kxc5
64. Kc2 Kd5 65. Kd3 c5 66. Kd2 c4 67. Ke2 Ke4 68. Kd2 d3 69. Kc3 Ke5
0-1

[Event "Championnat de France des Jeunes - Pupil"]
[Site "LA ROCHE SUR YON"]
[Date "2008.04.22"]
[Round "4.2"]
[White "Bellaiche, Elise"]
[Black "Legrand, Claire"]
[Result "1-0"]
[WhiteElo "1714"]
[BlackElo "1530"]
[PlyCount "68"]

1. e4 c5 2. Nc3 e6 3. g3 d5 4. exd5 exd5 5. d4 Nf6 6. Bg2 c4 7. Bg5 Qa5 8. Bxf6
gxf6 9. Nge2 Be6 10. Nf4 Bb4 11. O-O Bxc3 12. bxc3 Nd7 13. Qh5 O-O-O 14. Nxd5
Bxd5 15. Qxd5 Qxd5 16. Bxd5 Nb6 17. Bxf7 Rhf8 18. Be6+ Kb8 19. a4 Rfe8 20. Rfe1
Re7 21. a5 Rde8 22. axb6 Rxe6 23. bxa7+ Ka8 24. Rxe6 Rxe6 25. Kf1 Re4 {(=)} 26.
Ra4 Re6 27. Rxc4 Rc6 28. Rxc6 bxc6 29. Ke2 Kxa7 30. Kd3 Kb6 31. Kc4 h5 32. f4
Kc7 33. Kc5 Kd7 34. f5 Kc7 1-0

[Event "Championnat de France des Jeunes - Pupil"]
[Site "LA ROCHE SUR YON"]
[Date "2008.04.22"]
[Round "4.3"]
[White "Desarnaud, Manon"]
[Black "Pouillart, Cecile"]
[Result "0-1"]
[WhiteElo "1490"]
[BlackElo "1640"]
[PlyCount "86"]

1. c4 e6 2. Nc3 d5 3. e3 Nf6 4. d4 c6 5. Bd3 Nbd7 6. Nf3 a6 7. a4 dxc4 8. Bxc4
b5 9. axb5 Nb6 10. Bb3 cxb5 11. O-O Bd6 12. Re1 O-O 13. e4 Bb4 14. Qd3 Re8 15.
Bc2 Nfd7 16. e5 Nf8 17. Bg5 Be7 18. Bxe7 Qxe7 19. Qe4 Bb7 20. Qh4 Qxh4 21. Nxh4
Rac8 22. Bd3 Red8 23. Nf3 Nc4 24. Bxc4 Rxc4 25. Red1 Rb4 26. Rd2 {(=)} Ng6 27.
Ne2 Bxf3 28. gxf3 Nh4 29. Ra3 Ra4 30. Rxa4 bxa4 31. Rd3 Rb8 32. Rc3 h6 33. Kh1
Rxb2 34. Ng1 Rxf2 35. Ra3 Rd2 36. Rxa4 Rd1 37. Rxa6 Nxf3 38. Kg2 Nxg1 39. Ra8+
Kh7 40. h4 Ne2 41. h5 Nxd4 42. Rf8 Re1 43. Rxf7 Rxe5 0-1

[Event "Championnat de France des Jeunes - Pupil"]
[Site "LA ROCHE SUR YON"]
[Date "2008.04.22"]
[Round "4.4"]
[White "Navrotescu, Andreea-Cristiana"]
[Black "Nolot, Clementine"]
[Result "1-0"]
[WhiteElo "1723"]
[BlackElo "1590"]
[PlyCount "93"]

1. d4 d5 2. c4 c6 3. Nf3 Nf6 4. Nc3 dxc4 5. e3 b5 6. a4 b4 7. Na2 e6 8. Bxc4
Bb7 9. O-O Be7 10. Bd2 a5 11. Qe2 O-O 12. Nc1 Nbd7 13. Nb3 Nb6 14. Bd3 Qc7 15.
e4 Rfd8 16. Rfd1 Nbd7 17. Rac1 Qb6 18. Be3 Ba6 19. d5 Bxd3 20. Qxd3 c5 21. d6
Bf8 22. Nxc5 Nxc5 23. Bxc5 Qa6 24. Qxa6 Rxa6 25. e5 Nd5 26. Nd4 g6 27. g3 Bh6
28. f4 g5 29. f5 Ne3 30. Re1 Nxf5 31. Nxf5 exf5 32. Be3 f6 33. Red1 fxe5 34. d7
f4 35. Rc8 Ra8 36. Rxa8 Rxa8 37. d8=Q+ Rxd8 38. Rxd8+ Kf7 39. gxf4 gxf4 40. Bb6
e4 41. Kf2 e3+ 42. Ke2 Ke7 43. Bxa5 Bg7 44. Rb8 Bxb2 45. Bxb4+ Ke6 46. a5 Be5
47. Re8+ 1-0

[Event "Championnat de France des Jeunes - Pupil"]
[Site "LA ROCHE SUR YON"]
[Date "2008.04.22"]
[Round "4.5"]
[White "Fischer, Julie"]
[Black "Canterel, Cecile"]
[Result "1/2-1/2"]
[WhiteElo "1671"]
[BlackElo "1580"]
[PlyCount "79"]

1. e4 d5 2. exd5 Qxd5 3. Nc3 Qa5 4. d4 Nf6 5. Bc4 Bf5 6. Nf3 Bg4 7. O-O c6 8.
Re1 Nbd7 9. Bd2 Qc7 10. h3 Bf5 11. Nh4 Bg6 12. Nxg6 hxg6 13. Bb3 e6 14. Qf3
O-O-O 15. Bf4 Bd6 16. Bxd6 Qxd6 17. Ne2 g5 18. Qg3 Qxg3 19. Nxg3 g4 20. hxg4
Nxg4 21. Ne4 Ndf6 22. Nxf6 Nxf6 23. c3 Kc7 24. Rad1 Rhe8 25. f3 g5 26. Rf1 Re7
27. g3 g4 28. f4 Ne4 29. Kg2 Rh8 30. Rfe1 f5 31. Rh1 Rxh1 32. Rxh1 Kd6 33. Rh6
b5 34. a3 a6 {(=)} 35. c4 Nd2 36. c5+ Kd7 37. Ba2 Nf3 38. Rh1 Kc7 39. Rd1 a5
40. Kf2 1/2-1/2

[Event "Championnat de France des Jeunes - Junio"]
[Site "LA ROCHE SUR YON"]
[Date "2008.04.23"]
[Round "5.1"]
[White "Vernay, Clovis"]
[Black "Soyez, Cyril"]
[Result "1-0"]
[WhiteElo "2348"]
[BlackElo "2244"]
[PlyCount "71"]

1. d4 Nf6 2. c4 c5 3. d5 b5 4. Qc2 bxc4 5. e4 g6 6. Bxc4 d6 7. Nf3 Bg7 8. O-O
O-O 9. h3 Nbd7 10. Nbd2 Nb6 11. Rd1 Nfd7 12. Bf1 Qc7 13. Rb1 a5 14. a4 Ba6 15.
Bxa6 Rxa6 16. b3 c4 17. Nxc4 Nxc4 18. bxc4 Rc8 19. Be3 Qxc4 20. Qxc4 Rxc4 21.
Rb7 Nf8 22. Rxe7 Rxa4 23. e5 Rc4 24. Rb1 a4 25. Rbb7 a3 26. Rxf7 a2 27. Rxg7+
Kh8 28. Rgf7 a1=Q+ 29. Kh2 Kg8 30. Bh6 Rc8 31. Bxf8 Rb8 32. Bh6 Raa8 33. Rg7+
Kf8 34. Rxh7+ Kg8 35. Rbg7+ Kf8 36. Rh8# 1-0

[Event "Championnat de France des Jeunes - Junio"]
[Site "LA ROCHE SUR YON"]
[Date "2008.04.24"]
[Round "5.2"]
[White "Bailet, Pierre"]
[Black "Genzling, Alain"]
[Result "0-1"]
[WhiteElo "2250"]
[BlackElo "2281"]
[PlyCount "52"]

1. e4 c5 2. Nf3 Nc6 3. Nc3 g6 4. d4 cxd4 5. Nxd4 Bg7 6. Be3 Nf6 7. Bc4 Qa5 8.
O-O O-O 9. Bb3 d6 10. h3 Bd7 11. Qe2 Nxe4 12. Nxc6 Bxc6 13. Nxe4 Bxe4 14. Bd2
Qf5 15. Rfe1 Bc6 16. Qxe7 Bxb2 17. Rad1 Be5 18. Qg5 Qxg5 19. Bxg5 Rfe8 20. f4
Bd4+ 21. Kf1 Rxe1+ 22. Rxe1 Re8 23. Rxe8+ Bxe8 24. Bd5 Bc6 25. c4 Kg7 26. Ke2
Bxd5 0-1

[Event "Championnat de France des Jeunes - Junio"]
[Site "LA ROCHE SUR YON"]
[Date "2008.04.24"]
[Round "5.3"]
[White "Mania, Clement"]
[Black "Congiu, Mathilde"]
[Result "0-1"]
[WhiteElo "1956"]
[BlackElo "2190"]
[PlyCount "44"]

1. d4 d5 2. e3 Nf6 3. Bd3 Nc6 4. f4 Nb4 5. Nf3 Nxd3+ 6. cxd3 e6 7. O-O c5 8.
dxc5 Bxc5 9. Kh1 Bd7 10. Nc3 Rc8 11. e4 dxe4 12. dxe4 Bc6 13. Qe2 Qb6 14. Ne5
h5 15. f5 Qa6 16. Qxa6 bxa6 17. fxe6 fxe6 18. Nxc6 Rxc6 19. Bg5 Bd4 20. Rac1
Be5 21. Bxf6 gxf6 22. b3 Rxc3 0-1